The Avengers Cast - Statistics

General Stats
  • This quiz has been taken 1,001 times
  • The average score is 10 of 15
Answer Stats
Hint Answer % Correct
Iron Man Robert Downey Jr.
98%
Captain America Chris Evans
96%
Thor Chris Hemsworth
96%
The Hulk Mark Ruffalo
88%
Nick Fury Samuel L. Jackson
85%
Loki Tom Hiddleston
84%
Hawkeye Jeremy Renner
81%
Black Widow Scarlett Johansson
75%
Pepper Potts Gwyneth Paltrow
54%
Old Man in TV Report Stan Lee
54%
Jarvis (voice) Paul Bettany
51%
Agent Maria Hill Cobie Smulders
43%
Agent Phil Coulson Clark Gregg
38%
Selvig Stellan Skarsgard
25%
The Other Alexis Denisof
10%
No matching quizzes found
Score Distribution
Percent of People with Each Score
Percentile by Number Answered
Your Score History
You have not taken this quiz